000 00422nam a2200157Ia 4500
008 131103s9999 xx 000 0 und d
040 _aLoreto College
041 _aEnglish
082 _a910/QUE
_bLCLIB/
245 _aQuestion Bank
260 _aNew Delhi
_bAssociation of Indian Universities
_c1977
300 _a321 p.
_b illus.,fig.
_c 27 cm.
650 _aGeography - Question Bank
850 _aLCLIB
942 _cBK
999 _c12884
_d63363